000 00297nam a22001337a 4500
008 180315b xxu||||| |||| 00| 0 eng d
020 _a9780538855167
041 _aeng
080 _a330.101.542 EAC
100 _a52
101 _aMIK
245 _aMicroeconomics
_cEachern,W.A
942 _2udc
_cBK
999 _c45129
_d45129